| 000 | 00529nam a2200181 a 4500 | ||
|---|---|---|---|
| 001 | 000026004 | ||
| 003 | OSt | ||
| 005 | 20201021084223.0 | ||
| 008 | 110225s2008 dr a 000 0 spa d | ||
| 040 |
_aDO-SdBNP _bspa _cBNPHU |
||
| 082 |
_axxx _bxxx |
||
| 110 | 1 |
_aPartido de la Liberación Dominicana _9284 |
|
| 245 | 1 | 0 |
_aPrograma de gobierno 2004-2008 : _bresumen de objetivos / |
| 260 |
_aSanto Domingo : _bAlfa y Omega, _c[2008?]. |
||
| 300 |
_a98 p. : _bil. ; _c21 cm. |
||
| 590 | _aInventariado, 2020/ YL | ||
| 942 |
_2ddc _cLBS1 |
||
| 999 |
_c48933 _d48933 |
||